Music Quiz

Random Music or Song Quiz

Songs with colors (clips) Quiz Stats

 Plays Quiz not verified by Sporcle

Challenge
Share
Tweet
Score 0/30 Timer 10:00
0 Plays Today
Time Song % Correct
0:29Rudolph the Red Nosed Reindeer
84.2%
3:34Red Red Wine
78.5%
2:17Pretty Fly (For a White Guy)
69.8%
1:38Itsy Bitsy Teeny Weenie Yellow Polkadot Bikini
65.8%
0:14Black Velvet
65.4%
3:11Black Hole Sun
63.8%
1:22Blueberry Hill
63.4%
0:44Bad, Bad Leroy Brown
61.4%
2:40Purple Rain
53.4%
2:10It's Not Easy Being Green
52.7%
2:02Nights in White Satin
52%
1:46Behind These Hazel Eyes
48.3%
3:03The Ballad of the Green Berets
38.3%
0:00Amber
35.2%
2:24Tie a Yellow Ribbon 'Round the Old Oak Tree
34.2%
Time Song % Correct
1:06Counting Blue Cars
31.5%
0:37Don't it Make My Brown Eyes Blue
29.5%
0:51Forever in Blue Jeans
27.5%
1:30Mr. Brownstone
26.8%
1:53Fade to Black
25.5%
0:07Courtesy of the Red, White and Blue
15.1%
2:48Pretty in Pink
15.1%
0:59John Deere Green
12.8%
0:21Roses are Red
9.4%
1:14Blue Savannah
3.7%
3:26Purple Toupee
3.4%
2:32That Green Gentleman (Things Have Changed)
3%
3:42Blue and Yellow
3%
2:55Yellow Cat/Red Cat
1.7%
3:19My Blue Heaven
1.3%

You're not logged in!

Compare scores with friends on all Sporcle quizzes.
OR
Log In

You Might Also Like...

Show Comments

Extras

Top Quizzes Today


Score Distribution

Your Account Isn't Verified!

In order to create a playlist on Sporcle, you need to verify the email address you used during registration. Go to your Sporcle Settings to finish the process.

Report this User

Report this user for behavior that violates our Community Guidelines.

Details: